000 01083pam a2200277 a 4500
999 _c9944
_d9944
001 4031984
003 GBCCL
005 20241126110722.0
008 980202s1998 mnu b 000 0 eng
010 _a 98005540
020 _a0814624944 (alk. paper)
040 _aDLC
_cDLC
_dDLC
050 0 0 _aBS1430.2
_b.J45 1998
082 0 0 _a223.206
_221
_bJIN
100 1 _aJinkins, Michael,
_d1953-
_917290
245 1 0 _aIn the house of the Lord :
_binhabiting the psalms of lament /
_cMichael Jinkins.
260 _aCollegeville, Minn. :
_bLiturgical Press,
_cc1998.
300 _aix, 142 p. ;
_c21 cm.
504 _aIncludes bibliographical references (p. 136-142).
630 0 0 _aBible.
_pPsalms
_xCriticism, interpretation, etc.
_92721
630 0 0 _aBible.
_pPsalms
_xLiturgical use.
_915300
650 0 _aLaments in the Bible.
_97559
906 _a7
_bcbc
_corignew
_d1
_eocip
_f19
_gy-gencatlg
942 _2ddc
_cBK